Cómo nace un teorema : (Record no. 23647)

000 -CABECERA
fixed length control field 01407nam a22002777i 4500
003 - IDENTIFICADOR DEL NÚMERO DE CONTROL
control field AR-CdUCM
008 - DATOS DE LONGITUD FIJA--INFORMACIÓN GENERAL
fixed length control field 260428b 2021sp d|||| |||| 00| 0 spa d
020 ## - NÚMERO INTERNACIONAL ESTÁNDAR DEL LIBRO
ISBN 978-84-1352-258-6
040 ## - FUENTE DE LA CATALOGACIÓN
Agencia/entidad que catalogó originalmente la obra MUNICIPALIDAD PROVINCIAL DEL CUSCO
Entidad que transcribió la catalogación BIBLIOTECA MUNICIPAL DEL CUSCO
082 ## - NÚMERO DE LA CLASIFICACIÓN DECIMAL DEWEY
No. de Clasificación 510
Notacion interna V66
100 ## - ENTRADA PRINCIPAL--NOMBRE DE PERSONA
Nombre Personal Villani, Cédric
245 ## - MENCIÓN DE TÍTULO
Título Cómo nace un teorema :
Resto del título una aventura matemática /
260 ## - PUBLICACIÓN, DISTRIBUCIÓN, ETC.
Lugar de publicación, distribución, etc. España :
Nombre de la editorial, distribuidor, etc. Los Libros de la Catarata
Fecha de publicación, distribución, etc. 2021
300 ## - DESCRIPCIÓN FÍSICA
Nº de Páginas Extensión 238 páginas. :
Dimensiones 14x22 cm.
505 ## - NOTA DE CONTENIDO CON FORMATO
Nota de contenido formateada Introducción a la investigación matemática -- Planteamiento del problema -- Colaboración científica -- Intercambio de correos académicos -- Desarrollo de hipótesis -- Momentos de bloqueo intelectual -- Viajes y conferencias -- Uso de herramientas matemáticas -- Discusión con colegas -- Avances parciales del teorema -- Dificultades técnicas -- Revisión de resultados -- Proceso de validación -- Redacción del artículo científico -- Publicación del teorema
650 ## - PUNTO DE ACCESO ADICIONAL DE MATERIA--TÉRMINO DE MATERIA
Descriptor Matemáticas - Investigación
9 (RLIN) 52739
650 ## - PUNTO DE ACCESO ADICIONAL DE MATERIA--TÉRMINO DE MATERIA
Descriptor Teoría matemática - Desarrollo
9 (RLIN) 52740
650 ## - PUNTO DE ACCESO ADICIONAL DE MATERIA--TÉRMINO DE MATERIA
Descriptor Investigación científica - Metodología
9 (RLIN) 52741
650 ## - PUNTO DE ACCESO ADICIONAL DE MATERIA--TÉRMINO DE MATERIA
Descriptor Matemáticos - Biografías
9 (RLIN) 52742
650 ## - PUNTO DE ACCESO ADICIONAL DE MATERIA--TÉRMINO DE MATERIA
Descriptor Divulgación científica
9 (RLIN) 52743
650 ## - PUNTO DE ACCESO ADICIONAL DE MATERIA--TÉRMINO DE MATERIA
Descriptor Creatividad en la ciencia
9 (RLIN) 52744
856 ## - LOCALIZACIÓN Y ACCESO ELECTRÓNICOS
Dirección electrónica www.catarata.org
942 ## - ELEMENTOS DE PUNTO DE ACCESO ADICIONAL (KOHA)
Fuente de clasificación
Tipo de item Libros-BMC
945 ## - PROCESAMIENTO DE INFORMACIÓN LOCAL (OCLC)
Catalogador esh
AAAA-MM-DD - Fecha de ingreso o modificacion 28-04-2026
Holdings
Estado de retiro (separado) Fuente de clasificación o esquema de estanterías Estado dañado Ubicación Sala donde se ubica Nombre de la colección Fecha de adquisición o compra Fuente de adquisición Costo, precio normal en soles Signatura topográfica Código de Barras Última vez visto (Koha) Tipo de ítem (Koha)
No     Sala Ciencias Sala Ciencias Book Cart 2026-04-28 Donación 70.00 510 / V66 SC0000002481 2026-04-28 Libros-BMC

Powered by Koha